1354 1110 1579 1111 1439 1880 1139 1968 1987 1831 1037 1696 1989 1993 1910 1034 1796 1377 1556 1201 1157 1903 1770 1073 1809 1386 1590 1518 1664 1119 1851 1837 1298 1021 1701 1851 1304 1154 1623 1829 1132 1278 1297 1300 1307 1534 1574 1806 1584 1728 1049 1144 1330 1426 1527 1385 1470 1381 1461 1728 1101 1928 1633 1547 1559 1502 1853 1962 1945 1136 1644 1130 1185 1882 1193 1414 1871 1970 1074 1720 1792 1242 1868 1827 1593 1284 1484 1350 1928 1315 1841 1415 1070 1215 1902 1778 1157 1337 1224 BCNSPRNW ULIB Ver.6.0+V

เปลี่ยนเป็นภาษาไทย

Change to English
 แสดงรายละเอียดบรรณานุกรม
  กลับหน้าหลัก

Brief Record : Get Marc (ISO 2709) : E-mail record : QR code < ปิดหน้าต่าง
LEADER : 00000nam 2200000uu 4500
001    13399124218
003     ULIB
008    150127s2551||||th 000 0 tha d
099    ^aวจ.LB1032^bส882ผ
100    ^aสุวิมล มณีโชติ
245    ^aผลการจัดการเรียนรู้แบบโครงงานต่อความสามารถในการคิดและการเห็นคุณค่าในตนเองของนักศึกษาวิทยาลัยพยาบาลบรมราชชนนี ตรัง/^cโดย สุวิมล มณีโชติ
260    ^aตรัง :^bวิทยาลัยพยาบาลบรมราชชนนี ตรัง,^c2551
300    ^a88 หน้า
650    ^aการสอบขึ้นทะเบียนรับใบอนุญาติ^xวิจัย
710    ^aวิทยาลัยพยาบาลบรมราชชนนี ตรัง
945    ^p0^l0^i22809
999    ^aทศพร เกษรทอง
รายการนี้ยังไม่มีแท็ก
คุณยังไม่ได้ล็อกอิน คุณสามารถมีกิจกรรมร่วมกับเว็บไซต์ได้ แต่ต้องล็อกอินก่อน ::
  ล็อกอิน

รายการสื่อสารสนเทศ

ลำดับที่ ประเภท เลขเรียก/บาร์โค้ด สถานที่ สถานะ
1. งานวิจัย
งานวิจัย
วจ.LB1032 ส882ผ ฉ.1 
  Barcode: 22809
ห้องสมุดวิทยาเขตนครสวรรค์
►วิจัย:l:Research Room
บนชั้น

รายการใกล้เคียง
    ผู้แต่ง [สุวิมล มณีโชติ]

BibComment


ยังไม่เคยถูกคอมเมนท์

คอมเมนท์ทรัพยากรรายการนี้
  คอมเมนท์: ผลการจัดการเรียน..


 Copyright 2026. Bcnsprnw @Library